000 00686nam a22002177a 4500
005 20250421155234.0
008 250421b |||||||| |||| 00| 0 eng d
020 _a978-1-138-81852-1 (pbk)
037 _cTB
040 _aCRL
_cCRL
041 _2eng
_aeng
084 _aR R5
_qCRL
100 _aKallestrup, Jesper
_9752644
245 _aMethods and skills for philosophy:
_bAn advanced guide
260 _aLondon, UK:
_bRoutledge,
_c2025.
300 _axv, 227p.
365 _b36.99
_cUKP
650 _aPhilosophy
_9752645
942 _2CC
_cTB
_hR R5
_n0
999 _c1309261
_d1309261